000 00295nam a22001457a 4500
008 230524b ||||| |||| 00| 0 eng d
020 _a170962
041 _aFRA
080 _a82
082 _a82DOR
100 _a38
101 _aGJL
245 _aLA MOUFLETTE
_cDORIN .F
942 _2udc
_cBK
999 _c59813
_d59813